000 00293nam a22001337a 4500
008 170731b xxu||||| |||| 00| 0 eng d
020 _a9780977165841
041 _aeng
080 _a004
100 _a32
101 _aSHK
245 _aC[A EXCEL CPA EXAM REVIEW
_cCARNES,G
942 _2udc
_cBK
999 _c22309
_d22309